Statistiques concernant Kingdom Hearts 3 : personnages

Cliquez ici pour prendre le quiz!

Statistiques générales

  • Ce quiz a été pris 120 fois
  • Le résultat moyen est 54 sur 117

Statistiques - réponses

Réponse% Correct
Sora
99%
Dingo
97%
Donald
97%
Mickey
96%
Hercule
92%
Riku
91%
Kairi
89%
Terra
86%
Aqua
85%
Hadès
85%
Elsa
84%
Olaf
84%
Roxas
84%
Ventus
84%
Raiponce
82%
Anna
81%
Buzz
81%
Woody
81%
Axel
80%
Jack Sparrow
78%
Xion
76%
Ansem
73%
Xemnas
72%
Zeus
70%
Bob
67%
Yen Sid
67%
Maléfique
66%
Léon
62%
Marluxia
62%
Vanitas
62%
Mégara
61%
Rex
59%
Saïx
59%
Larxene
58%
Olette
58%
Pégase
58%
Luxord
57%
Minnie
57%
Tigrou
57%
Winnie l'Ourson
57%
Xigbar
57%
Naminé
54%
Pence
54%
Sulli
54%
Baymax
53%
Sven
53%
Coco lapin
52%
Pat Hibulaire
52%
Porcinet
52%
Hayner
51%
Tac
51%
Tic
51%
Vexen
51%
Daisy
49%
Demyx
49%
Philoctète
49%
Kristoff
48%
Merlin
48%
Maximus
47%
Pluto
44%
Will Turner
44%
Bouh
43%
Flynn Rider
43%
Hiro
43%
Jeune Xehanort
43%
Mère Gothel
41%
Davy Jones
39%
Ienzo
39%
Maître Xehanort
39%
Ansem le sage
38%
Bayonne
38%
Jiminy
38%
Petit Gourou
38%
Titan de glace
38%
Hans
37%
Pascal
34%
Titan de lave
33%
Titan de roche
33%
Titan de vent
33%
Dilan
32%
Fifi
32%
Riri
32%
Loulou
30%
Go Go
28%
Aeleus
27%
Terra-Xehanort
27%
Elizabeth Swann
24%
Guimauve
24%
Petit chef
22%
Wasabi
22%
Fred
20%
Néo Riku
20%
Tia Dalma
20%
Aliens
19%
Simba
19%
Gibbs
18%
Ariel
16%
Hector Barbossa
16%
Hermès
16%
Maître Eraqus
16%
Athéna
15%
Honey Lemon
15%
Riku obscur
15%
Lumpy
13%
Stitch
13%
Balthazar Picsou
11%
Cutler Beckett
11%
Apollon
9%
Mogs
9%
Ralph la Casse
9%
Anti-Aqua
8%
Chirithy
8%
Grignotin
8%
Petits soldats
8%
Agent du CDA
5%
Baymax obscur
5%
Volonté persistante
4%

Distribution des résultats

Percentile par nombre de réponses

% des personnes avec chaque résultat

Votre développement - résultats

Vous n’avez pas pris ce quiz